| 000 | 01458nam0a2200349 4500 | ||
|---|---|---|---|
| 001 | RU\NLR\bibl\191318 | ||
| 005 | 20250619085919.0 | ||
| 010 |
_a5-85165-428-7 _92000 |
||
| 021 |
_aRU _b2000-47872 _92206 |
||
| 035 | _a(NLR Aleph) 000187834 | ||
| 090 |
_a1085597 _c1085597 |
||
| 100 | _a20011011d2000 |||y0rusy50 ca | ||
| 101 | 0 | _arus | |
| 102 | _aRU | ||
| 105 | _aa ||||||||| | ||
| 200 | 1 |
_aЛаборатория "Б". Сунгулький феномен _fБ.М. Емельянов, В.С. Гаврильченко |
|
| 210 |
_aСнежинск _cИзд-во РФЯЦ-ВНИИТФ _d2000 |
||
| 215 |
_a438,[2] с., [32] л. ил. _cфакс., портр. _d20 |
||
| 300 | _aНа обл. авт. не указаны | ||
| 320 | _aБиблиогр.: с. 435-438 (65 назв.) и в подстроч. прим. | ||
| 517 | 0 | _aСунгульский феномен | |
| 601 | 0 | 2 |
_a"Б", лаборатория _cпос. Сунгуль _2psbo |
| 601 | 0 | 2 |
_a"Б", лаборатория _cпос. Сунгуль _xИстория _92228176 _3RU\NLR\auth\661337515 |
| 686 | _aЦ901-2е(2)л(2)2г | ||
| 700 | 1 |
_aЕмельянов _bБ. М. _f1936 _gБорис Михайлович _4070 |
|
| 701 | 1 |
_aГаврильченко _bВ. С. _f1956 _gВладимир Сергеевич _4070 |
|
| 801 | 0 |
_aRU _bNLR _c20011011 _gPSBO |
|
| 801 | 1 |
_aRU _bNLR _c20011011 |
|
| 830 | _aАвт. раскрыты по кн. | ||
| 942 | _cBOOK | ||
| 980 | _aNB | ||